000 00650nam a2200253Ia 4500
003 OSt
005 20221007110407.0
006 a|||||r|||| 00| 0
007 ta
008 221006b |||||||| |||| 00| 0 eng d
024 _a21,047
037 _cTextual
040 _aLCO
_cLCO
_beng
041 _2eng
_aeng
082 _aZv2,N, L0
100 _aMittal J.K.
_9423953
245 0 _aIndian Legal History
250 _a3rd
260 _aAllahabad
_bAllahabad Law Agency India
_c1970
300 _a428+viii
650 _aINDIAN LEGAL HISTORY
_9681802
942 _hZv2,N, L0
_cTEXL
999 _c1190610
_d1190610